Look behind the mast (Record no. 78319)

MARC details
000 -LEADER
fixed length control field 00684cab a2200217 4500
001 - CONTROL NUMBER
control field L136506
008 - FIXED-LENGTH DATA ELEMENTS--GENERAL INFORMATION
fixed length control field 070205n2007 000 0 eng u
035 ## - SYSTEM CONTROL NUMBER
System control number (Sirsi) u136506
041 0# - LANGUAGE CODE
Language code of text/sound track or separate title eng
100 1# - MAIN ENTRY--PERSONAL NAME
Personal name Small, Jonathan
245 00 - TITLE STATEMENT
Title Look behind the mast
260 ## - PUBLICATION, DISTRIBUTION, ETC.
Date of publication, distribution, etc. 2007
490 00 - SERIES STATEMENT
Series statement Estates Gazette
Volume/sequential designation (0704) 27 January 2007, 178-180(3)
520 ## - SUMMARY, ETC.
Summary, etc. Looks at the problems caused for landlords by renting roof space to mobile phone operators and considers some of them.
590 ## - LOCAL NOTE (RLIN)
Local note KA
650 24 - SUBJECT ADDED ENTRY--TOPICAL TERM
Topical term or geographic name entry element TELECOMMUNICATIONS ACT 1984 SCH 2
650 24 - SUBJECT ADDED ENTRY--TOPICAL TERM
Topical term or geographic name entry element COMMUNICATIONS ACT 2003
650 24 - SUBJECT ADDED ENTRY--TOPICAL TERM
Topical term or geographic name entry element LANDLORD AND TENANT ACT 1954
700 1# - ADDED ENTRY--PERSONAL NAME
Personal name Radley-Gardner, Oliver
942 ## - ADDED ENTRY ELEMENTS (KOHA)
Suppress in OPAC 0
Holdings
Withdrawn status Lost status Source of classification or shelving scheme Damaged status Not for loan Home library Current library Shelving location Date acquired Total Checkouts Full call number Barcode Date last seen Copy number Price effective from Koha item type
    Dewey Decimal Classification     London London Journal article 05/02/2007   L136506 136506-1001 06/08/2019 1 06/08/2019 Journal article